000 01623nam a2200229Ia 4500
003 Ost
005 20260416102402.0
008 260416s9999||||xx |||||||||||||| ||und||
040 _cfsecg
041 _aara
082 _a330.1543
100 _aطالم، زين الدين
_eمؤلف
245 0 _aالرياضيات المالية /
_c زين الدين طالم
260 _aالجزائر
_bجامعة الجزائر3: كلية العلوم الإقتصادية، العلوم التجارية وعلوم التسيير
_c2025
504 _aببليوغرافيا: ص. ص. 115-116
520 _aالمحور الأول: العمليات قصيرة الأجل:الفائدة البسيطة،الخصم التجاري،تكافؤ الأوراق التجارية،تمارين لمراجعة الفائدة البسيطة،تمارين لمراجعة الخصم التجاري،تمارين لمراجعة تكافؤ الأوراق التجارية،العمليات طويلة الأجل:الفائدة المركبة،الدفعات،اهتلاك القروض،اختيار الاستثمارات،تمارين لمراجعة الفائدة المركبة،تمارين لمراجعة الدفعات،تمارين لمراجعة اهتلاك القروض،تمارين لمراجعة اختيار الاستثمارات
653 _aالاقتصاد الرياضي
653 _aالرياضيات
653 _aالمالية
710 _aجامعة الجزائر3: كلية العلوم الإقتصادية، العلوم التجارية وعلوم التسيير
_eناشر علمي
942 _cHANDOUT
999 _c41476
_d41476